[Event "13th Norway Chess 2025"]
[Site "Stavanger NOR"]
[Date "2025.06.06"]
[Round "10.2"]
[White "Caruana, Fabiano"]
[Black "Gukesh, D."]
[Result "1-0"]
[Annotator "Tactical Analysis 7.0"]
[WhiteElo "2776"]
[BlackElo "2787"]
[PlyCount "99"]
[GameId "2186108795178491"]
[EventDate "2025.05.26"]

1. e4 e5 2. Nf3 Nc6 3. Bc4 Nf6 4. d3 h6 5. a3 g6 6. Nc3 {C55: Two Knights: 4 d3, 4 d4 exd4 5 e5 and Max Lange Attack.} Bg7 7. h3 d6 8. Be3 {The position is equal.} a6 9. Qd2 Be6 10. Bxe6 fxe6 11. Ne2 $146 ({Predecessor:} 11. d4 exd4 12. Nxd4 Qd7 13. f3 Nh5 14. Nde2 Qf7 15. g4 Nf6 16. f4 O-O-O 17. O-O-O {0-1 Parpiev,I (2205)-Le,T (2567) Titled Tuesday intern op 19th Dec Early Chess.com INT blitz 2023 (4)}) 11... g5 12. Ng3 Qd7 13. c3 O-O-O 14. b4 d5 15. Qe2 d4 16. cxd4 exd4 17. Bd2 Qe7 (17... Rhg8 $14) 18. Rb1 $1 $16 Nd7 {[%cal Bf6d7,Bd7e5,Be5f3][%mdl 32]} 19. O-O Nde5 20. Nh5 Nxf3+ 21. Qxf3 Be5 22. b5 (22. Qd1 $16) 22... axb5 $14 23. Rxb5 Qxa3 24. Rc1 {[%cal Oc1c6]} Rhf8 25. Qe2 {[%cal Oc1c6]} Bd6 (25... Qd6 $14) 26. e5 $1 $16 Rf5 {[%cal Rf5e5] [#]} 27. Rxc6 $1 {[%mdl 64] Remove Defender} bxc6 28. Ra5 Qb2 {[%cal Oc8b7] Strongly threatening ...Kb7!.} (28... Rxe5 $2 29. Qxe5 Bxe5 30. Rxa3 $18) 29. exd6 (29. Ra8+ $6 Kb7 30. Rxd8 Rxe5 $11) 29... Rxa5 30. Qxe6+ Kb7 31. Bxa5 Rxd6 32. Qe7 {Some like it hot} Qa1+ 33. Be1 {Ng3 would now be deadly. White is more active.} c5 $2 {[#]} (33... Qa2 $16) 34. Ng3 $1 $18 Rc6 35. Kh2 Qa2 36. Ne4 Qd5 37. f3 c4 38. Qb4+ Kc8 39. Qa4 Kb7 {Repels Qa8+} (39... c3 $2 40. Qa8+ Kd7 41. Nf6+ Rxf6 42. Qxd5+ $18) 40. Bf2 cxd3 41. Bxd4 Ra6 42. Qb4+ Kc8 43. Qf8+ Qd8 44. Qc5 Re6 (44... d2 {keeps fighting.} 45. Nxd2 Qd6+ 46. Qxd6 cxd6) 45. Qc4 Rd6 46. Be5 ({Weaker is} 46. Nxd6+ Qxd6+ 47. Kg1 d2 $11) 46... Rd5 47. f4 ({White should play} 47. Qa6+ $18 Kb8 48. Bf6 (48. Qb6+ Kc8 $16)) 47... d2 $11 48. Bxc7 {[%mdl 64] Deflection} d1=Q $4 {[%mdl 8192]} (48... Qxc7 $11 49. Qxd5 Qxf4+ 50. g3 (50. Ng3 Kc7 $11) 50... Qxe4 51. Qxe4 d1=Q) 49. Bxd8+ $18 Kxd8 {[#]} {Weighted Error Value: White=0.15 (very precise) /Black=0.30} 50. Nc3 $1 {[%csl LRd1,LRd5]} 1-0

[Event "13th Norway Chess Women"]
[Site "Stavanger NOR"]
[Date "2025.06.06"]
[Round "10.1"]
[White "Khademalsharieh, Sarasadat"]
[Black "Lei, Tingjie"]
[Result "0-1"]
[Annotator "Tactical Analysis 7.0"]
[WhiteElo "2449"]
[BlackElo "2552"]
[PlyCount "206"]
[GameId "2186119580991349"]
[EventDate "2025.05.26"]

1. d4 d6 2. Nf3 Nf6 3. g3 g6 4. c4 Bf5 5. Bg2 Bg7 6. Nc3 Ne4 7. Qb3 Nxc3 8. bxc3 Be4 9. O-O O-O 10. a4 {E60: King's Indian: Unusual lines and Fianchetto Variation without Nc3.} (10. Bh3 {is superior.}) 10... Nc6 $11 11. a5 (11. Qxb7 $2 Rb8 12. Qa6 Rb6 $19) 11... b6 12. axb6 {The position is equal.} axb6 13. Be3 Ra5 $146 ({Predecessor:} 13... Na5 14. Qa4 c5 15. Rfd1 Bc6 16. Qa2 Ra6 17. dxc5 bxc5 18. Bxc5 Bxc3 19. Rac1 Bf6 {0-1 Campos Gomez,M (2339)-Ibarra Jerez,J (2559) Titled Tuesday intern op 01st Apr Early Chess.com INT blitz 2025 (7)}) 14. Rxa5 Nxa5 15. Qb5 c6 16. Qa4 c5 17. Nd2 Bf5 18. Ra1 Qc7 19. Rc1 Rc8 20. Bd5 h5 21. h4 Bg4 22. Kf1 Bd7 23. Qa2 Nc6 {[%cal Rc5d4]} 24. Qb2 Bf5 25. Ra1 Na5 26. Rc1 (26. Rd1 $11) 26... Bf6 (26... e6 $1 $17 {[%cal Re6d5]} 27. Bh1 cxd4 28. cxd4 d5) 27. Bf4 Rb8 28. Kg1 Bd7 29. Ne4 {[%cal Of4d6,Bd2e4,Be4c5,Bc5a6,Ba6b4,Bb4d3][%mdl 32]} Bg7 30. Qa3 (30. Rb1 $5) 30... Bf5 31. dxc5 (31. Ng5 e6 (31... cxd4 32. Nxf7 Kh7 33. Ng5+ Kh8 34. Nf7+ Kh7 35. Ng5+ Kh8 36. cxd4 $16) 32. Bg2 Nxc4 $17 (32... cxd4 $2 33. Bxd6 Bf8 34. Bxf8 $18)) 31... bxc5 32. Nxc5 {Black must now prevent Na6.} Rc8 $1 33. Na6 (33. Ra1 Qxc5 34. Qxa5 Qxa5 35. Rxa5 Bxc3 36. Ra7) 33... Qb6 (33... Nxc4 $2 34. Qa2 Qa5 35. Bxc4 $18) 34. Nb4 e6 {[%mdl 64] Deflection} 35. Bg2 (35. Ra1 $11 Nxc4 36. Bxc4 Rxc4 37. Qa8+ Kh7 38. Ra6) 35... Nxc4 $15 (35... Rxc4 36. Nd3) 36. Qa4 (36. Qa2 $1 $15) 36... d5 $1 $17 37. Nd3 Bf6 {Black is more active.} 38. Qb4 Qa7 39. Bg5 $2 {[%mdl 8192]} (39. Qb3 $17 {is a better chance.}) 39... Bg7 $2 (39... Bxg5 $1 $19 {has better winning chances.} 40. hxg5 Bxd3 41. exd3 Rb8 42. Qxb8+ Qxb8 43. dxc4 Qb2 (43... dxc4 $2 44. Re1 $19)) 40. Rb1 (40. Qb3 $17) 40... Ne5 $19 41. Be3 Nxd3 (41... Qc7 $1 $19 42. Qb5 Bxd3 (42... Qxc3 43. Rc1 $16) 43. exd3 Ng4 (43... Qxc3 44. Rc1 $15)) 42. exd3 Qa6 (42... Qc7 $17 43. Bf1 Qxc3 (43... Bxc3 44. Qb5 $17)) 43. Qe7 $1 $11 Qxd3 (43... Rxc3 $2 44. Qd8+ (44. Rb7 Qa1+ 45. Kh2 Rc8 $16) 44... Bf8 45. Rb8 $18) (43... Qa4 44. Rb7 Qe8 45. Qxe8+ Rxe8 46. c4 d4) 44. Rb7 Rf8 45. Qc7 (45. Bc5 $5 Qxc3 46. Qc7 $15) 45... Qxc3 (45... Bxc3 $2 46. Bc5 Bd4 (46... Qd1+ $2 47. Kh2 $18) 47. Bxf8 Bxf2+ 48. Kh2 (48. Kxf2 Qd4+ 49. Ke2 Qd3+ 50. Kf2 Qd4+ 51. Ke2 Qd3+ 52. Kf2 $11) 48... Bxg3+ 49. Qxg3 $18) (45... d4 {simplifies} 46. cxd4 Bxd4 47. Bxd4 Qxd4 48. Qb6 Qxb6 49. Rxb6 Rd8) 46. Bc5 $1 Qe1+ (46... Be5 {is more complex.} 47. Qe7 Bg7 48. Qc7 Bd4) 47. Kh2 Be4 $2 {[%mdl 8192]} 48. Bxe4 $2 (48. f3 $18 {[%cal Oc5f8]} Qc3 49. Bxf8 (49. fxe4 Be5 $11) 49... Qxc7 50. Rxc7) 48... dxe4 49. Kg2 {[%cal Bh2g2,Bg2g1,Bg1f1,Bf1f2,Bf2f3][%mdl 32]} Qe2 50. Bxf8 Qf3+ 51. Kg1 Bxf8 {[%mdl 4096] Endgame KQR-KQB} 52. Rb8 e3 53. Qe7 exf2+ 54. Kf1 Qd3+ (54... Qxg3 55. Qxf8+ Kh7 56. Qh8#) 55. Kxf2 Qc2+ 56. Kf3 Qc6+ 57. Kf2 Qc2+ 58. Kf3 Qb3+ 59. Rxb3 {Intending Rb8 and mate.} Bxe7 {KR-KB} 60. Rb6 Kg7 61. Ke4 Bc5 62. Rc6 Bf2 63. Kf3 Be1 64. Rc1 Bd2 65. Rc2 Bb4 66. Rc6 Kf6 67. Ke4 Be1 68. Kf4 Bd2+ 69. Ke4 Ba5 70. Kf4 Ke7 71. g4 Bd2+ 72. Kf3 Be1 73. Rc5 f5 74. Rc7+ $2 {[%mdl 8192] [#]} (74. gxf5 $11 gxf5 75. Rc4) 74... Kd6 $2 ({Black should try} 74... Kd8 $1 $19 75. Rg7 hxg4+ (75... Bxh4 76. g5 $11) (75... fxg4+ 76. Ke4 $11) 76. Kf4 e5+ (76... Bxh4 77. Ke5 $11) 77. Kg5 Bd2+ 78. Kf6 f4 79. Rg8+ Kc7 80. Kxe5 (80. Rxg6 $2 {is the wrong capture.} f3 $19) 80... f3 81. Rg7+ Kd8 82. Rg8+ Ke7 83. Rg7+ Ke8) 75. Rh7 $1 hxg4+ 76. Ke2 Bg3 {White is on the road to losing.} 77. Rh6 $2 {[%mdl 8192] [#]} (77. Kf1 $17) 77... Ke7 $1 $19 78. Rxg6 Bxh4 79. Kd3 Bf6 (79... Kf7 $142 80. Rh6 g3 81. Rxh4 g2 82. Rh7+ Kf6 83. Rh6+ Kg7 84. Rh4 g1=Q (84... g1=R $2 85. Ra4 $19) 85. Rd4 Qg3+ 86. Kc4 f4 87. Rd7+ Kf6 88. Rd8 f3 89. Rh8 f2 (89... Qf4+ 90. Kd3 f2 91. Rf8+ Ke5 92. Rxf4 Kxf4 93. Ke2 Kg3 94. Kf1 e5 95. Ke2 Kg2 96. Kd3 f1=Q+ 97. Ke4 Qf4+ 98. Kd5 e4 99. Ke6 e3 100. Ke7 e2 101. Ke6 e1=Q+ 102. Kd7 Qc4 103. Kd8 Qc5 104. Kd7 Qee7#) 90. Rf8+ Ke7 91. Rxf2 Qxf2 92. Kc3 Qe3+ 93. Kb2 Kd6 94. Kb1 Qd2 95. Ka1 Kd5 (95... e5 96. Kb1 e4 97. Ka1 e3 98. Kb1 e2 99. Ka1 e1=Q#) 96. Kb1 Kc4 (96... e5 97. Ka1 Kd4 98. Kb1 Kc3 99. Ka1 Qb2#) 97. Ka1 Kc3 98. Kb1 Qb2#) 80. Ke2 e5 81. Rg8 Kf7 82. Rb8 Kg6 83. Rg8+ Kf7 84. Rb8 Bg5 85. Rb6 e4 86. Rb4 Kf6 87. Ra4 Ke5 88. Ra5+ Kf4 89. Kf2 Bf6 90. Kg2 Bd4 91. Rd5 Bc3 92. Rc5 Bd2 93. Rc8 e3 94. Re8 Bc3 95. Re7 Bd4 96. Re8 Bc5 97. Re6 Kg5 98. Re8 Bd4 99. Rg8+ Kh4 (99... Kf4 $142 100. Re8 Be5 101. Rc8 Ke4 102. Rc4+ Kd3 103. Rc5 Bc3 104. Rd5+ Bd4 (104... Ke4 105. Rd6 f4 106. Rh6 Be5 107. Kg1 g3 108. Kg2 e2 109. Rh1 f3+ 110. Kh3 Kf5 111. Kh4 f2 112. Rh3 f1=Q 113. Rxg3 Bxg3+ 114. Kxg3 Qh1 115. Kf2 e1=Q#) 105. Rxf5 e2 106. Rf1 exf1=Q+ (106... exf1=R {gets mated.} 107. Kxf1 Ke3 108. Kg2 Kf4 109. Kf1 g3 110. Ke1 g2 111. Kd2 Ke4 112. Kc2 g1=Q 113. Kb3 Kd3 114. Kb4 Qb1+ 115. Ka5 Bc5 116. Ka6 Qb6#) 107. Kxf1 Ke3 108. Kg2 Kf4 109. Kf1 g3 (109... Kf3 110. Ke1 g3 111. Kd2 g2 112. Kc2 g1=Q 113. Kd3 Kf4 114. Kc4 Ke4 115. Kb4 Kd5 116. Kb5 Qb1+ 117. Ka5 Kc5 118. Ka6 Qb6#) 110. Ke1 g2 111. Kd2 Ke4 (111... g1=R 112. Kd3 Ke5 113. Kc4 Rg3 114. Kb5 Kd5 115. Kb4 Bc5+ 116. Kb5 Rb3+ 117. Ka5 Kc6 118. Ka6 Ra3#) 112. Kc2 g1=Q (112... g1=R 113. Kb3 Kd3 114. Kb4 Rb1+ 115. Ka5 Bc5 116. Ka6 Kc4 117. Ka5 Ra1#) 113. Kb3 Qb1+ 114. Ka4 Kd5 115. Ka3 Bc5+ 116. Ka4 Qb4#) 100. Rf8 e2 {Black mates.} 101. Re8 f4 102. Re4 f3+ 103. Kh2 {Weighted Error Value: White=0.27 (precise) /Black=0.29 (precise)} Bf2 0-1

[Event "13th Norway Armageddon"]
[Site "Stavanger NOR"]
[Date "2025.06.06"]
[Round "10.1"]
[White "Erigaisi, Arjun"]
[Black "Carlsen, Magnus"]
[Result "1-0"]
[Annotator "Tactical Analysis 7.0"]
[WhiteElo "2782"]
[BlackElo "2837"]
[PlyCount "67"]
[GameId "2186097392503801"]
[EventDate "2025.05.26"]

1. d4 Nf6 2. c4 g6 3. Nc3 Bg7 4. e4 d6 5. Be2 Nbd7 6. Be3 {E73: King's Indian: Averbakh Variation without 6...c5.} e5 7. d5 {White is more active.} (7. Nf3 $16) 7... Nc5 $14 8. Qc2 {White is slightly better. is cutting edge theory.} a5 9. Nf3 Ng4 (9... b6 $14) 10. Bg5 (10. Bxc5 $16 dxc5 11. Rd1 (11. h3 Nh6 $14)) 10... f6 $11 {[%cal Bf7f6,Bf6f5,Bf5f4][%mdl 32]} 11. Bh4 g5 $146 ({Predecessor:} 11... h5 12. h3 Nh6 13. Nd2 Nf7 14. O-O-O {½-½ Kopjonkin,G (2345)-Kalinin,O (2420) Frydek Mistek op 1996 (9)}) 12. Bg3 f5 13. Nd2 f4 14. Bxg4 (14. h3 $14) 14... Bxg4 15. f3 $1 Bd7 $36 {[%mdl 2048] Black has the initiative.} 16. Bf2 b6 17. b3 (17. Bxc5 $11 bxc5 18. b3) 17... g4 18. O-O-O (18. h3 $1 $11) 18... Rg8 (18... Bf6 $15) 19. Kb2 gxf3 20. Nxf3 Bf6 21. Rhg1 Bg4 (21... Rg6 {deserves consideration.}) 22. a3 Qd7 23. Nb5 Ke7 (23... a4 $11) 24. Rde1 (24. b4 $1 $14) 24... Rg7 25. Nd2 Kf7 26. g3 Bh5 (26... Kg8 $11) 27. gxf4 (27. b4 $1 $14) 27... exf4+ $15 28. Bd4 {[#] Hoping for Bxf6.} Qh3 (28... Rxg1 $15 {stays ahead.} 29. Rxg1 Rg8 (29... Be5 30. Bxe5 dxe5 31. Rg5 $16) 30. Rxg8 (30. e5 Rxg1 31. Qxh7+ Kf8 $17) 30... Bxd4+ 31. Nxd4 Kxg8) 29. Bxf6 $16 (29. Nxc7 $2 Bxd4+ 30. Ka2 Bxg1 $19 (30... Rxg1 $2 31. Rxg1 Bxg1 32. Nxa8 $19)) 29... Rxg1 (29... Kxf6 $16 {is a better defense.} 30. Rxg7 {[%mdl 64] Remove Defender} Kxg7 (30... Nd3+ 31. Ka1 $16) 31. Qc3+ (31. Nxc7 Nd3+ 32. Ka2 Nxe1 $15) 31... Qxc3+ 32. Kxc3 Na6) 30. Rxg1 $18 Kxf6 31. e5+ $2 {Chess con chili.} ({White should play} 31. Nxc7 $16 Rf8 32. Qc3+ (32. e5+ dxe5 33. Qxh7 Bg4 $14) 32... Qxc3+ 33. Kxc3) 31... Kxe5 $2 {[%mdl 8192] [#]} (31... dxe5 $11 32. Qxh7 (32. Nxc7 Rh8 $17) 32... Bg4 33. Qxc7 Qe3 34. Qxb6+ (34. Rxg4 {gets mated.} Qxd2+ 35. Kb1 Qd1+ 36. Kb2 Qxb3+ 37. Kc1 Nd3+ 38. Kd2 Qb2+ {[%mdl 64] Skewer} 39. Kxd3 e4+ {[%mdl 64] Decoy} 40. Kxe4 Re8+) (34. Rg2 $2 f3 $17) 34... Kf7 35. Qc7+ (35. Rxg4 Qxd2+ 36. Kb1 Qd1+ 37. Kb2 Qxb3+ 38. Kc1 Qe3+ 39. Kd1 Qd3+ 40. Ke1 Qb1+ 41. Kd2 Ne4+ 42. Ke2 Qc2+ {[%csl Oc4,Oe2][%mdl 64] Skewer, Double Attack} 43. Ke1 Qd2+ 44. Kf1 Qd1+ 45. Kg2 f3+ 46. Kh3 Qf1+) 35... Nd7) 32. Qxh7 {White mates.} Bg4 33. Qg7+ Kf5 {An entertaining game by Erigaisi.   Weighted Error Value: White=0.28 (precise) /Black=0.45} 34. Nd4# 1-0

[Event "Stepan Avagyan Mem 2025"]
[Site "Jermuk ARM"]
[Date "2025.06.06"]
[Round "9.4"]
[White "Hakobyan, Aram"]
[Black "Aravindh, Chithambaram VR."]
[Result "0-1"]
[Annotator "Tactical Analysis 7.0"]
[WhiteElo "2620"]
[BlackElo "2749"]
[PlyCount "104"]
[GameId "2186152790266292"]
[EventDate "2025.05.29"]

1. d4 d5 2. c4 e6 3. Nc3 h6 4. Nf3 Nf6 5. Bf4 Bd6 6. Bxd6 {D37: Queen's Gambit Declined: 5 Bf4.} Qxd6 7. e3 O-O 8. Rc1 {The position is equal.} a6 9. a3 {[%cal Og2g4]} dxc4 10. Bxc4 b5 11. Bd3 Bb7 {Repels Ne4} 12. e4 $146 ({Predecessor:} 12. O-O Nbd7 13. b4 e5 14. Nxe5 Nxe5 15. dxe5 Qxe5 16. Qe2 Rad8 17. Rfd1 Rfe8 18. h3 {0-1 Taboas Rodriguez,D (2368)-Putnam,L (2282) Titled Tuesday intern op 10th Jan Early Chess.com INT blitz 2023 (11)}) 12... Qb6 13. O-O Rd8 14. b4 Nc6 15. Ne2 a5 16. Rc5 axb4 17. axb4 Ra3 18. Qd2 {[%cal Of1c1]} (18. Bxb5 $2 Nxe4 (18... Nxb4 $2 19. Qb1 $17) 19. Qc1 Nxc5 (19... Nxb4 $2 20. Qxa3 Nxc5 21. Qxb4 $18) 20. Qxa3 Qxb5 $19) 18... e5 {[%cal Be6e5,Be5d4][%mdl 32]} 19. Rxb5 (19. Bxb5 $2 Nxe4 20. Qc1 Nxc5 (20... Nxb4 21. Qxa3 Nxc5 22. Qxb4 $11) (20... Nxd4 21. Nexd4 exd4 22. Qxa3 $17) 21. Bxc6 Rxf3 (21... Qxb4 22. Bxb7 Nxb7 23. Nxe5 $17) 22. Bxf3 Nb3 $19 (22... Qxb4 $2 23. dxc5 Bxf3 24. gxf3 $18)) 19... Qa7 (19... Nxe4 $2 20. Qc1 Qa6 21. Bxe4 $18) 20. Rc5 (20. Nxe5 Nxd4 21. Nxd4 Qxd4) 20... Nd7 {[%cal Bf6d7,Bd7c5,Bc5e4][%mdl 32]} 21. Rd5 Ne7 (21... Nxd4 $6 22. Nfxd4 Ra1 (22... Bxd5 $2 23. Nb5 $18) 23. Nf5 Rxf1+ 24. Kxf1 $16) 22. Ra5 Rxa5 23. bxa5 exd4 $1 24. a6 (24. Nexd4 $14 Ne5 25. Qc3 Nxd3 26. Qxc7 (26. Qxd3 $2 Ba6 $19)) 24... Bxa6 $11 25. Ra1 Nc5 26. Bxa6 (26. Nexd4 Nxd3 $17 (26... Rxd4 $2 27. Nxd4 Nxd3 28. Qxd3 $18)) 26... Rd6 27. Nexd4 {[%cal Od4b5]} Rxa6 28. Rxa6 Qxa6 29. Nc2 {Qd8+ is the strong threat.} Nxe4 30. Qd8+ Kh7 {[%cal Oa6e2]} 31. Qxe7 Qe2 $36 {[%csl LRc2,LRf2][%mdl 2048] Black is on the roll.} {Now White is beyond hope.} 32. h4 $2 Qxf2+ $19 ({Much less strong is} 32... Qxc2 33. Qxf7 Qxf2+ 34. Kh2 Qg3+ 35. Kg1 $17) 33. Kh2 $2 (33. Kh1 Qxc2 34. Qxf7) 33... Qxc2 34. Qxf7 {[%mdl 4096] Endgame [#] KQN-KQN. Black is a pawn up.} Nf6 $1 35. Qe6 {[#]} c5 $1 36. Kh3 (36. Ne1 {might work better.} Qg6 37. Qe2) 36... c4 37. Ne5 $2 (37. Ne1 Qf2 38. g4) 37... Qe4 38. g4 Nd5 {( -> ...Qh1+)} 39. Qf5+ Qxf5 40. gxf5 {KN-KN. Black is a pawn up.} c3 41. Nd3 Ne3 42. h5 Nxf5 43. Kg4 Ne3+ 44. Kf3 Nd5 {White must now prevent ...Nf6.} 45. Ke4 Nf6+ 46. Kd4 c2 47. Kc3 Nxh5 48. Kxc2 Kg6 49. Kd2 Kf5 50. Ke3 g5 {( -> ...Nf6)} 51. Kf3 Nf6 {( -> ...h5)} 52. Nc5 {Weighted Error Value: White=0.93/Black=0.02 (flawless)} h5 0-1

[Event "Stepan Avagyan Mem 2025"]
[Site "Jermuk ARM"]
[Date "2025.06.06"]
[Round "9.5"]
[White "Praggnanandhaa, R."]
[Black "Hovhannisyan, Robert"]
[Result "1-0"]
[Annotator "Tactical Analysis 7.0"]
[WhiteElo "2758"]
[BlackElo "2635"]
[PlyCount "79"]
[GameId "2186164234228519"]
[EventDate "2025.05.29"]

1. e4 e5 2. Nf3 Nc6 3. Bb5 Nf6 4. d3 Bc5 5. h3 Nd4 6. Nxd4 {C65: Ruy Lopez: Berlin Defence (3...Nf6), unusual lines and 4 0-0 Bc5.} Bxd4 7. c3 Bb6 8. Bg5 {The position is equal.} c6 {[%cal Oh7h6] [#] ...h6! is the strong threat.} 9. Bc4 $146 ({Predecessor:} 9. Ba4 d5 10. Qf3 Be6 11. Nd2 h6 12. Bh4 g5 13. Bg3 dxe4 14. dxe4 g4 15. Qe2 {0-1 Smirin,I (2609)-Andreikin,D (2719) Wch Rapid St Petersburg 2018 (2)}) 9... h6 10. Bh4 d6 11. Nd2 Qe7 12. a4 a5 13. Qe2 Be6 14. Rd1 O-O 15. O-O Rfe8 16. Qf3 Bd8 17. Rfe1 Bxc4 18. Nxc4 Qe6 19. b3 Nd7 20. Bxd8 Rexd8 21. d4 {[%cal Bd3d4,Bd4d5][%mdl 32] Prevents Nc5} b5 22. d5 Qf6 23. Na3 {and Qxf6 should not be overlooked} Qxf3 24. gxf3 cxd5 25. axb5 Rdc8 (25... a4 $14 26. b4 Rac8) 26. Rxd5 $16 Rxc3 27. Rxd6 {Black cannot hold the game after this.} Nc5 (27... Rxb3 $16 28. Re3 Nc5) 28. Rc6 $18 Rb8 {[#]} (28... a4 $142) 29. Nb1 $1 Rc2 30. Rd1 Kh7 31. b6 f6 32. Kg2 Kg6 (32... h5 $142 33. h4 (33. Rd5 Nd3 $16) 33... Kg8) 33. Na3 {White is clearly winning.} Ra2 34. Nc4 Nxb3 35. Nxe5+ Kh7 36. Nd7 Rb7 37. Rc7 Rxc7 38. bxc7 Rc2 39. Nf8+ Kg8 {[%cal Oc2c7]} {Weighted Error Value: White=0.02 (flawless) /Black=0.30} 40. Rd8 1-0